000 00993nam a22002657a 4500
003 OSt
005 20240720090306.0
008 240719b ||||| |||| 00| 0 eng d
022 _a09703896
040 _cAIMIT LIBRARY
082 _a658
_bMANR
110 _aIndian Institute of management
_9173776
245 _aIIMB Management review /
_cBy Indian institute of management
260 _aBangalore :
_bElsevier ,
_c2019.
300 _bHB
_c27 cm.
440 _aIIMB Management review
_vVol.31 No.1-3/2019
_9173777
440 _vVol.27 No.1-4/2015,Vol.28 No.1-2&4/2016,Vol.29 No.1-4/2017
440 _vVol.23 No.1-4/2011,Vol.24 No.2/2012
440 _vVol.24 No.3&4/2012,Vol.25 No.1-4/2013
440 _vVol.26 No.1-4/2014
440 _vVol.30 No.1-4/2018
650 _aInnovation and economic growth in european economic area countries:the granger causalityapproach
_9173778
650 _aClassification for regulated industries: a new index
_9173779
942 _2ddc
_cBV
_k658 MANR
999 _c231474
_d231474